000 00861nam a22002057a 4500
005 20120608120354.0
020 _c110.00
_a
035 _aB-63564
037 _b PUB
082 _a600
100 _aश्रीवास्तव, सी.बी.
_948738
245 _aविज्ञान एवं प्रौद्योगिकीः वर्तमान संदर्भ /
_cसी.बी.श्रीवास्तव
260 _aनई दिल्ली
_bकिताब महल
_c2002
300 _a372पृ
_c22सेमी (अजिल्द)
_b
500 _a
700 _a
_917926
942 _2ddc
_cHN
_h600
_mश्रीवास्त
999 _c67722
_d67722